[Event "44th Pan-American U20"]
[Site "Cochabamba BOL"]
[Date "2019.08.02"]
[Round "2.7"]
[White "Zhang, Derek"]
[Black "Tello Chavez, Isaac Valent"]
[Result "1-0"]
[WhiteElo "2147"]
[BlackElo "2271"]
[EventDate "2019.08.01"]
[PlyCount "91"]

1.Nf3 d5 2.c4 c6 3.e3 Nf6 4.Nc3 e6 5.b3 Be7 6.Bb2 Nbd7 7.Qc2 O-O 8.Be2 Re8
9.Rg1 Nc5 10.d3 b5 11.d4 b4 12.Nb1 Ncd7 13.Nbd2 c5 14.g4 Bb7 15.Bd3 cxd4 
16.exd4 dxc4 17.bxc4 Nf8 18.g5 Nh5 19.Rg4 Ng6 20.O-O-O Nhf4 21.Be4 Ne2+ 
22.Kb1 Nc3+ 23.Bxc3 bxc3 24.Bxb7 Rb8 25.Qxc3 Rxb7+ 26.Ka1 Bb4 27.Qc2 Qa5 
28.Nb1 Reb8 29.Re4 Qf5 30.Ng1 Ba5 31.f3 Qxg5 32.Nc3 Bb4 33.Na4 Qa5 34.Ne2 
Ba3 35.Nec3 a6 36.d5 exd5 37.Nxd5 h6 38.f4 Nf8 39.Re5 Qxa4 40.Qxa4 Bb2+ 
41.Kb1 Bxe5+ 42.Kc2 Rb2+ 43.Kd3 Ne6 44.Ke3 Bd6 45.Rd2 Bc5+ 46.Kd3 1-0

[Event "44th Pan-American U20"]
[Site "Cochabamba BOL"]
[Date "2019.08.02"]
[Round "2.8"]
[White "Huang, Andy"]
[Black "Castellanos Villela, Alejandro"]
[Result "1-0"]
[WhiteElo "2263"]
[BlackElo "1985"]
[EventDate "2019.08.01"]
[PlyCount "65"]

1.e4 c5 2.Nf3 d6 3.Bb5+ Nd7 4.c4 Nf6 5.Nc3 g6 6.O-O Bg7 7.d4 cxd4 8.Nxd4 
O-O 9.Ba4 Nb6 10.Bb3 Nfd7 11.f4 Nc5 12.Be3 a5 13.Qe2 Nbd7 14.Bc2 Nf6 15.h3
Nh5 16.Qd2 f5 17.exf5 gxf5 18.Rad1 Qe8 19.Nd5 Qf7 20.Nb6 Rb8 21.Nxc8 Rbxc8
22.Nxf5 b6 23.Bd4 Nf6 24.Rde1 Rfe8 25.b3 Nfe4 26.Rxe4 Qxf5 27.Rxe7 Bxd4+ 
28.Qxd4 Ne6 29.Rg7+ Kh8 30.Rxh7+ Kxh7 31.Bxf5+ Kg8 32.Bxe6+ Rxe6 33.Qd5 
1-0

[Event "44th Pan-American U20"]
[Site "Cochabamba BOL"]
[Date "2019.08.02"]
[Round "2.9"]
[White "Benitez Galeano, Alejandro"]
[Black "Pinto, Daniel"]
[Result "0-1"]
[WhiteElo "2111"]
[BlackElo "2257"]
[EventDate "2019.08.01"]
[PlyCount "68"]

1.Nf3 Nf6 2.c4 e6 3.b3 Be7 4.Bb2 O-O 5.Nc3 d5 6.e3 c5 7.cxd5 Nxd5 8.Qc2 b6
9.h4 h6 10.a3 Bb7 11.Be2 Nd7 12.g4 Nxc3 13.Bxc3 g6 14.g5 h5 15.Rg1 Qc7 16.
Bb2 Kh7 17.O-O-O Rac8 18.Kb1 b5 19.Ne1 c4 20.b4 a5 21.Bxh5 axb4 22.Bxg6+ 
fxg6 23.h5 Rf5 24.hxg6+ Kxg6 25.axb4 Ne5 26.Ng2 Bxg2 27.Rxg2 Nd3 28.f4 
Nxb2 29.Kxb2 Bxb4 30.Qe4 Qc6 31.Qxc6 Rxc6 32.Rh1 Bf8 33.Kc2 b4 34.Rb1 b3+ 
0-1

[Event "44th Pan-American U20"]
[Site "Cochabamba BOL"]
[Date "2019.08.02"]
[Round "2.10"]
[White "Medrano, Sebastian"]
[Black "Bolanos, Fernando"]
[Result "0-1"]
[WhiteElo "2086"]
[BlackElo "2247"]
[EventDate "2019.08.01"]
[PlyCount "69"]

1.d4 Nf6 2.c4 g6 3.Nc3 d5 4.cxd5 Nxd5 5.Bd2 Bg7 6.e4 Nxc3 7.Bxc3 O-O 8.Qd2
Nd7 9.Nf3 e6 10.Be2 b6 11.O-O Bb7 12.Qc2 Qe7 13.Rad1 Rfd8 14.Rfe1 Nf6 15.
Bc4 Qf8 16.Nd2 c5 17.d5 exd5 18.Bxf6 Bxf6 19.exd5 Qg7 20.Ne4 Bd4 21.Nc3 
Qf6 22.Kf1 h5 23.Re2 Kg7 24.h3 Re8 25.Rde1 Rxe2 26.Rxe2 Rd8 27.Qd3 Qg5 28.
Qd2 Qxd2 29.Rxd2 Kf6 30.Ke1 Ke5 31.Re2+ Kf6 32.Kd2 Rd7 33.g3 Re7 34.Ke1 
Rd7 35.Kd2 0-1

[Event "44th Pan-American U20"]
[Site "Cochabamba BOL"]
[Date "2019.08.02"]
[Round "2.11"]
[White "Johnson, Joshua"]
[Black "Barja Viveros, Matias Ariel"]
[Result "1-0"]
[WhiteElo "2241"]
[BlackElo "1544"]
[EventDate "2019.08.01"]
[PlyCount "97"]

1.e4 c5 2.Nf3 Nc6 3.d4 cxd4 4.Nxd4 g6 5.Nc3 Bg7 6.Be3 d6 7.f3 Bd7 8.Qd2 h5
9.O-O-O Nf6 10.Kb1 Ne5 11.h3 Rc8 12.f4 Nc6 13.Be2 Qa5 14.Nb3 Qc7 15.Nd5 
Nxd5 16.exd5 Nb4 17.Rc1 Na6 18.Bd4 f6 19.g4 hxg4 20.Bxg4 Nc5 21.Qe2 Kf7 
22.Bxc5 Bxg4 23.Qxg4 f5 24.Qe2 dxc5 25.Qe6+ Kf8 26.Qxg6 Rh6 27.Qxf5+ Rf6 
28.Qg4 Rd8 29.Rcd1 Rdd6 30.c3 Rg6 31.Qe2 Rdf6 32.Qe5 Rd6 33.Qe4 Rdf6 34.
Rhe1 Rg3 35.Nxc5 Kf7 36.Ne6 Qd6 37.Ng5+ Kg8 38.Qh7+ Kf8 39.Ne6+ Kf7 40.
Qh5+ Kg8 41.Rg1 Rfg6 42.Qxg6 Rxg6 43.Rxg6 Kf7 44.Rxg7+ Kf6 45.Rg5 Qa6 46.
Nd4 Qc4 47.Rf5+ Kg6 48.Rg1+ Kh6 49.Rgg5 1-0

[Event "44th Pan-American U20"]
[Site "Cochabamba BOL"]
[Date "2019.08.02"]
[Round "2.12"]
[White "Ccerhuayo Escobedo, Mels Leopold"]
[Black "Vivas Zamora, Fabian Ernesto"]
[Result "0-1"]
[WhiteElo "1820"]
[BlackElo "2348"]
[EventDate "2019.08.01"]
[PlyCount "44"]

1.d4 Nf6 2.c4 g6 3.f3 d5 4.cxd5 Nxd5 5.e4 Nb6 6.Nc3 Bg7 7.Be3 O-O 8.Qd2 
Nc6 9.Rd1 f5 10.d5 Ne5 11.Bxb6 axb6 12.f4 Bh6 13.Qd4 Bxf4 14.exf5 Rxf5 15.
Nge2 Bh6 16.Ng3 Ng4 17.Nxf5 Bxf5 18.d6 Ne3 19.Bc4+ e6 20.Kf2 c5 21.Bxe6+ 
Bxe6 22.Qe4 Qf6+ 0-1

[Event "44th Pan-American U20"]
[Site "Cochabamba BOL"]
[Date "2019.08.02"]
[Round "2.13"]
[White "Moreno, Alejandro"]
[Black "Lu, Maximillian"]
[Result "0-1"]
[WhiteElo "1477"]
[BlackElo "2283"]
[EventDate "2019.08.01"]
[PlyCount "64"]

1.e4 c5 2.Nf3 a6 3.g3 d6 4.Bg2 Bg4 5.d3 Nc6 6.Be3 g6 7.Qd2 Bg7 8.Nc3 Nd4 
9.Bxd4 cxd4 10.Ne2 Qb6 11.b3 Bh6 12.Qd1 Qa5+ 13.Nd2 Rc8 14.f4 e5 15.Rf1 
exf4 16.gxf4 Bxe2 17.Qxe2 Rxc2 18.Qd1 Qc3 19.Ke2 Nf6 20.Rc1 Rxc1 21.Qxc1 
Nh5 22.Nc4 Nxf4+ 23.Kd1 Qxc1+ 24.Kxc1 Nxg2+ 25.Kb2 Ke7 26.Nb6 Nf4 27.Rxf4 
Bxf4 28.Nd5+ Ke6 29.Nxf4+ Ke5 30.Ne2 d5 31.exd5 Kxd5 32.b4 Re8 0-1

[Event "44th Pan-American U20"]
[Site "Cochabamba BOL"]
[Date "2019.08.02"]
[Round "2.14"]
[White "Davila Blanco, Juan Jose"]
[Black "Rengifo Blancas, Renzo Jhonathan"]
[Result "1/2-1/2"]
[WhiteElo "2052"]
[BlackElo "2194"]
[EventDate "2019.08.01"]
[PlyCount "47"]

1.d4 Nf6 2.Nf3 e6 3.e3 c5 4.Bd3 Nc6 5.O-O d5 6.b3 cxd4 7.exd4 Bd6 8.Bb2 
O-O 9.a3 b6 10.Nbd2 Bb7 11.Ne5 Ne7 12.Qf3 Rc8 13.Rae1 Rc7 14.Rc1 Ng6 15.
Rfe1 Qc8 16.Nxg6 hxg6 17.Qe2 Qd8 18.f3 Qe7 19.Qf2 Nh5 20.g3 Ba8 21.Ra1 g5 
22.Kh1 Nxg3+ 23.hxg3 Bxg3 24.Qe2 1/2-1/2

[Event "44th Pan-American U20"]
[Site "Cochabamba BOL"]
[Date "2019.08.02"]
[Round "2.15"]
[White "Inaicheo Santana, Edward"]
[Black "Acosta, Pablo Ismael"]
[Result "0-1"]
[WhiteElo "1635"]
[BlackElo "2440"]
[EventDate "2019.08.01"]
[PlyCount "68"]

1.d4 Nf6 2.Nf3 e6 3.Bf4 b6 4.e3 Bb7 5.Be2 g6 6.h3 Bg7 7.c4 O-O 8.Nc3 d6 9.
O-O Nbd7 10.Rc1 Qe7 11.Bh2 a6 12.a3 Rad8 13.Qc2 e5 14.dxe5 dxe5 15.Rfd1 c6
16.Rd2 Ne8 17.Rcd1 Nc7 18.Ne4 c5 19.Rd6 Ne6 20.Nc3 Nd4 21.R6xd4 exd4 22.
exd4 cxd4 23.Nxd4 Nc5 24.Nd5 Bxd5 25.cxd5 Rxd5 26.Nf3 Rxd1+ 27.Qxd1 Re8 
28.Bc4 Rd8 29.Qc2 Qe4 30.Bxf7+ Kf8 31.Bb3 Qxc2 32.Bxc2 Bxb2 33.Bc7 Rc8 34.
Bxb6 Nd7 0-1

[Event "44th Pan-American U20"]
[Site "Cochabamba BOL"]
[Date "2019.08.02"]
[Round "2.16"]
[White "Donoso Diaz, Sebastian"]
[Black "Bracamonte, Humberto"]
[Result "1-0"]
[WhiteElo "2309"]
[BlackElo "1516"]
[EventDate "2019.08.01"]
[PlyCount "56"]

1.c4 Nf6 2.Nf3 e6 3.e3 a5 4.a3 Be7 5.b3 O-O 6.Bb2 d6 7.d4 Re8 8.h3 Bf8 9.
Bd3 Nbd7 10.O-O g6 11.Bc2 Bg7 12.e4 e5 13.d5 Nc5 14.Nc3 Qe7 15.Ne1 Nh5 16.
b4 Nd7 17.Rb1 Nf4 18.Ne2 Nf6 19.Nxf4 exf4 20.Nf3 axb4 21.axb4 Bd7 22.e5 
dxe5 23.Bxe5 Nh5 24.Bxc7 Rac8 25.Re1 Qf6 26.Be5 Qa6 27.c5 Bb5 28.Ra1 Ba4 
1-0

[Event "44th Pan-American U20"]
[Site "Cochabamba BOL"]
[Date "2019.08.02"]
[Round "2.17"]
[White "Santiago Vilca, Christian Amilca"]
[Black "Teran Medina, Marcelo"]
[Result "1-0"]
[WhiteElo "2256"]
[BlackElo "1506"]
[EventDate "2019.08.01"]
[PlyCount "30"]

1.d4 Nf6 2.c4 c5 3.d5 b5 4.a4 bxc4 5.f3 e6 6.e4 Bb7 7.Nc3 d6 8.Bxc4 exd5 
9.exd5 Nbd7 10.Nge2 g6 11.O-O Bg7 12.Bf4 Ne5 13.Bb5+ Nfd7 14.Ne4 Qc7 15.b4
O-O 1-0

[Event "44th Pan-American U20"]
[Site "Cochabamba BOL"]
[Date "2019.08.02"]
[Round "2.18"]
[White "Araujo, Amilcar"]
[Black "Caballero Quijano, Mitzy Mishell"]
[Result "0-1"]
[WhiteElo "1530"]
[BlackElo "2059"]
[EventDate "2019.08.01"]
[PlyCount "58"]

1.d4 e6 2.c4 f5 3.Nc3 Nf6 4.Bg5 h6 5.Bxf6 Qxf6 6.e4 fxe4 7.Nxe4 Bb4+ 8.Nc3
O-O 9.Nf3 b6 10.Be2 Bb7 11.O-O Bxc3 12.bxc3 d6 13.h3 Nd7 14.Nh2 e5 15.f3 
Qf4 16.Rc1 Nf6 17.d5 Qe3+ 18.Rf2 Ne4 19.Ng4 Nxf2 20.Nxe3 Nxd1 21.Rxd1 Rae8
22.Bd3 Rf4 23.Be4 Ref8 24.Re1 h5 25.g3 R4f6 26.h4 Bc8 27.Nd1 Bf5 28.Bxf5 
Rxf5 29.Kg2 g5 0-1

[Event "44th Pan-American U20"]
[Site "Cochabamba BOL"]
[Date "2019.08.02"]
[Round "2.19"]
[White "Tapia Espada, Antonio Enrique"]
[Black "Guerrero Cataldo, Juan Andres"]
[Result "0-1"]
[WhiteElo "1506"]
[BlackElo "2035"]
[EventDate "2019.08.01"]
[PlyCount "56"]

1.d4 Nf6 2.c4 e6 3.Nc3 c5 4.d5 d6 5.e4 exd5 6.exd5 Be7 7.Bd3 O-O 8.Nf3 Bg4
9.Qc2 Na6 10.a3 Nc7 11.Bg5 Nfxd5 12.Bxh7+ Kh8 13.Nxd5 Nxd5 14.h4 Nf6 15.
Bf5 Bxf5 16.Qxf5 Qc8 17.Qxc8 Raxc8 18.O-O-O Rfe8 19.Bxf6 Bxf6 20.Rxd6 Re2 
21.Rd7 Rce8 22.Rhd1 a6 23.a4 R2e4 24.b3 b5 25.axb5 axb5 26.cxb5 Rb4 27.Kc2
Ra8 28.Rb1 Rxb5 0-1

[Event "44th Pan-American U20"]
[Site "Cochabamba BOL"]
[Date "2019.08.02"]
[Round "2.20"]
[White "Mollo, Jhoan"]
[Black "Zambrana Estrada, Breyner Andre"]
[Result "1/2-1/2"]
[WhiteElo "2023"]
[BlackElo "1426"]
[EventDate "2019.08.01"]
[PlyCount "27"]

1.e4 e5 2.Nf3 d6 3.d4 exd4 4.Nxd4 Nf6 5.f3 a6 6.c4 Nc6 7.Nc3 Nxd4 8.Qxd4 
c5 9.Qf2 Be7 10.Be3 Be6 11.Bd3 O-O 12.O-O Nh5 13.Nd5 Bxd5 14.cxd5 1/2-1/2

[Event "44th Pan-American U20"]
[Site "Cochabamba BOL"]
[Date "2019.08.02"]
[Round "2.21"]
[White "Huanca, Edson"]
[Black "Araujo Miranda, Styven Sandro"]
[Result "1/2-1/2"]
[WhiteElo "1948"]
[BlackElo "1347"]
[EventDate "2019.08.01"]
[PlyCount "68"]

1.e4 c5 2.Nc3 d6 3.Nge2 Nc6 4.g3 g6 5.Bg2 Bg7 6.O-O e6 7.d3 Nge7 8.f4 O-O 
9.h3 f5 10.Be3 Rb8 11.Qd2 b5 12.g4 b4 13.Nd1 Qc7 14.Ng3 Bb7 15.Kh2 a5 16.
Rb1 Nd4 17.Nf2 d5 18.e5 Nb5 19.Qe2 d4 20.Bd2 Bxg2 21.Kxg2 Qc6+ 22.Kh2 Nc7 
23.h4 Ncd5 24.h5 Bh6 25.Nh3 Kh8 26.g5 Bg7 27.h6 Bxh6 28.gxh6 Ng8 29.Rh1 
Nxh6 30.Kg1 Ng8 31.Ng5 h6 32.N5e4 Kg7 33.Nf6 Ngxf6 34.exf6+ Rxf6 1/2-1/2

[Event "44th Pan-American U20"]
[Site "Cochabamba BOL"]
[Date "2019.08.02"]
[Round "2.22"]
[White "Villazon Zeballos, Manuel"]
[Black "Torrico, Alexis"]
[Result "0-1"]
[WhiteElo "1378"]
[BlackElo "1847"]
[EventDate "2019.08.01"]
[PlyCount "49"]

1.d4 d6 2.e3 Nf6 3.Bd3 g6 4.Nf3 Bg7 5.O-O O-O 6.Nbd2 Re8 7.c3 e5 8.Qc2 Nc6
9.Ne4 Nxe4 10.Bxe4 d5 11.Bxd5 Qxd5 12.e4 Qc4 13.d5 Nd4 14.Qd1 Nxf3+ 15.
Qxf3 f5 16.Re1 fxe4 17.Qxe4 Qxe4 18.Rxe4 Bf5 19.Re2 Rad8 20.c4 Bd3 21.Re1 
Bxc4 22.Bg5 Rxd5 23.Rec1 b5 24.b3 e4 25.bxc4 0-1

[Event "44th Pan-American U20"]
[Site "Cochabamba BOL"]
[Date "2019.08.02"]
[Round "2.23"]
[White "Zubieta Echalar, Eduardo"]
[Black "Santiago Vilca, Lito Gustavo"]
[Result "0-1"]
[WhiteElo "1329"]
[BlackElo "1818"]
[EventDate "2019.08.01"]
[PlyCount "40"]

1.e4 c5 2.Nf3 e6 3.d4 cxd4 4.Nxd4 a6 5.c4 Nf6 6.Nc3 Qc7 7.Be2 d6 8.O-O Be7
9.f4 Nbd7 10.Kh1 b6 11.Be3 Bb7 12.Qc2 O-O 13.b4 Rfe8 14.Nb3 d5 15.e5 dxc4 
16.Nd4 Nd5 17.Nxd5 Bxd5 18.a3 b5 19.Rab1 Nb6 20.Nf3 Qb7 0-1

[Event "44th Pan-American U20"]
[Site "Cochabamba BOL"]
[Date "2019.08.02"]
[Round "2.25"]
[White "Montevilla Cahuasa, Jonathan I"]
[Black "Ticona Rocabado, Licael Roderick"]
[Result "0-1"]
[WhiteElo "1231"]
[BlackElo "1693"]
[EventDate "2019.08.01"]
[PlyCount "90"]

1.d4 Nf6 2.Nf3 g6 3.c4 Bg7 4.Nc3 O-O 5.e4 d6 6.g3 Nbd7 7.Bg2 e5 8.O-O exd4
9.Nxd4 Re8 10.Re1 Nc5 11.b4 Ne6 12.Nde2 Nf8 13.Rb1 Be6 14.c5 Bc4 15.cxd6 
cxd6 16.Bf4 Re6 17.Nd4 Re7 18.Ndb5 Rd7 19.Qa4 Ne8 20.Nd5 Ne6 21.Be3 N6c7 
22.Ndxc7 Nxc7 23.Nxa7 Ne6 24.Qc2 b5 25.e5 d5 26.Nc6 Qc7 27.Na5 Ra6 28.f4 
Qc8 29.Bh3 Rc7 30.Rbc1 Qe8 31.Bxe6 fxe6 32.Bd4 Bf8 33.a3 Ra8 34.Bb6 Qc8 
35.Bxc7 Qxc7 36.Qf2 Rxa5 37.bxa5 Bc5 38.Re3 Qa7 39.Rce1 d4 40.Re4 d3 41.
R1e3 Bd5 42.Qf3 d2 43.Kf1 Bxe3 44.Ke2 Bb3 45.Rd4 Qxd4 0-1

[Event "44th Pan-American U20"]
[Site "Cochabamba BOL"]
[Date "2019.08.02"]
[Round "3.1"]
[White "Pinto, Daniel"]
[Black "Wang, Annie"]
[Result "0-1"]
[WhiteElo "2257"]
[BlackElo "2321"]
[EventDate "2019.08.01"]
[PlyCount "78"]

1.Nf3 d5 2.g3 c5 3.Bg2 Nf6 4.O-O g6 5.c4 d4 6.e3 Nc6 7.exd4 cxd4 8.d3 Bg7 
9.Na3 O-O 10.Nc2 a5 11.Re1 Nd7 12.b3 Nc5 13.Ba3 Qb6 14.Ng5 Bf5 15.Bxc5 
Qxc5 16.Ne4 Qb6 17.a3 Ne5 18.Rb1 Bg4 19.f3 Bd7 20.Nf2 Bc6 21.f4 Bxg2 22.
Kxg2 Qc6+ 23.Ne4 Nd7 24.Qf3 e5 25.b4 f5 26.Nd2 axb4 27.Qxc6 bxc6 28.Nxb4 
Rxa3 29.Nf3 exf4 30.gxf4 Nc5 31.Nxc6 Nxd3 32.Re7 Bf6 33.Rd7 Nxf4+ 34.Kg3 
Ne6 35.Ne7+ Bxe7 36.Rxe7 Ng5 37.Kf4 Nxf3 38.Rbb7 g5+ 39.Kg3 Ne5+ 0-1

[Event "44th Pan-American U20"]
[Site "Cochabamba BOL"]
[Date "2019.08.02"]
[Round "3.2"]
[White "Varacalli, Francisco"]
[Black "Johnson, Joshua"]
[Result "1/2-1/2"]
[WhiteElo "2306"]
[BlackElo "2241"]
[EventDate "2019.08.01"]
[PlyCount "36"]

1.e4 c5 2.Nf3 d6 3.d4 cxd4 4.Nxd4 Nf6 5.Nc3 g6 6.h3 Bg7 7.Bc4 O-O 8.Be3 a6
9.Bb3 Nbd7 10.O-O Nc5 11.f3 Qc7 12.Qd2 Re8 13.Bg5 Be6 14.Rad1 Rac8 15.Bh6 
Bh8 16.Nxe6 fxe6 17.f4 Nxb3 18.axb3 b5 1/2-1/2

[Event "44th Pan-American U20"]
[Site "Cochabamba BOL"]
[Date "2019.08.02"]
[Round "3.3"]
[White "Bolanos, Fernando"]
[Black "Asaria, Danial"]
[Result "0-1"]
[WhiteElo "2247"]
[BlackElo "2305"]
[EventDate "2019.08.01"]
[PlyCount "96"]

1.e4 c5 2.Nf3 d6 3.d4 cxd4 4.Nxd4 Nf6 5.Nc3 a6 6.Be2 e5 7.Nb3 Be7 8.O-O 
O-O 9.f4 b5 10.Bf3 Bb7 11.Qe1 Nbd7 12.a3 Rc8 13.Kh1 Re8 14.Qg3 Bf8 15.fxe5
dxe5 16.Bg5 Qb6 17.Rf2 Rxc3 18.bxc3 Nxe4 19.Bxe4 Bxe4 20.a4 bxa4 21.Rxa4 
Bxc2 22.Rxc2 Qxb3 23.Raa2 Nc5 24.Be3 Qb1+ 25.Bc1 Rd8 26.h3 Rd1+ 27.Kh2 
Rxc1 28.Rxc1 Qxc1 29.Qxe5 Qh6 30.g3 Qg6 31.Rd2 h6 32.Rd8 Ne6 33.Ra8 Qc2+ 
34.Kh1 Qb1+ 35.Kh2 Qb2+ 36.Kg1 Qb6+ 37.Kf1 Qb7 38.Re8 Qc6 39.Rb8 Qh1+ 40.
Kf2 Qxh3 41.c4 Qh2+ 42.Kf1 Qc2 43.Qd5 Kh7 44.Rxf8 Nxf8 45.Qxf7 Qd1+ 46.Kf2
Qd4+ 47.Kf3 Qf6+ 48.Qxf6 gxf6 0-1

[Event "44th Pan-American U20"]
[Site "Cochabamba BOL"]
[Date "2019.08.02"]
[Round "3.4"]
[White "Zhang, Derek"]
[Black "Huang, Andy"]
[Result "1-0"]
[WhiteElo "2147"]
[BlackElo "2263"]
[EventDate "2019.08.01"]
[PlyCount "69"]

1.Nf3 d5 2.c4 c6 3.e3 Nf6 4.Nc3 e6 5.b3 Bd6 6.Bb2 O-O 7.Qc2 e5 8.cxd5 cxd5
9.Nb5 Nc6 10.Nxd6 Qxd6 11.Bb5 e4 12.Nd4 Bd7 13.Nxc6 Rfc8 14.Bc3 bxc6 15.
Ba6 Rd8 16.Qb2 c5 17.Be2 a5 18.Rc1 a4 19.O-O Bf5 20.Be5 Qb6 21.f3 Ne8 22.
fxe4 Bxe4 23.Bh5 f6 24.Bg3 c4 25.b4 a3 26.Qc3 Ra4 27.Bd1 Rxb4 28.Qxa3 Nd6 
29.Qc3 Bd3 30.Bxd6 Rxd6 31.Rf4 Rb1 32.Rd4 Qb2 33.Qxb2 Rxb2 34.Bf3 Rxa2 35.
Rxd5 1-0

[Event "44th Pan-American U20"]
[Site "Cochabamba BOL"]
[Date "2019.08.02"]
[Round "3.5"]
[White "Mendoza Criollo, Carlos David"]
[Black "Cardoso Cardoso, Jose Gabriel"]
[Result "0-1"]
[WhiteElo "2103"]
[BlackElo "2373"]
[EventDate "2019.08.01"]
[PlyCount "66"]

1.d4 Nf6 2.c4 e6 3.Nc3 Bb4 4.Qc2 O-O 5.a3 Bxc3+ 6.Qxc3 d5 7.cxd5 Ne4 8.Qc2
exd5 9.e3 Bf5 10.Qe2 c5 11.f3 Nf6 12.dxc5 Re8 13.g4 Bg6 14.Nh3 d4 15.Nf4 
Nc6 16.Nxg6 dxe3 17.Qc4 hxg6 18.Be2 Ne5 19.Qc2 Nfxg4 20.O-O Nf2 21.Bxe3 
Nh3+ 22.Kg2 Nc6 23.Qc3 Ne7 24.Bc4 Nf5 25.Bd2 Qh4 26.Bb5 Re7 27.Qc4 Nd4 28.
Rae1 Rxe1 29.Bxe1 Nf4+ 30.Kh1 Qh3 31.Rf2 Nde2 32.Qc2 Ng3+ 33.Kg1 Qg2+ 0-1

[Event "44th Pan-American U20"]
[Site "Cochabamba BOL"]
[Date "2019.08.02"]
[Round "3.6"]
[White "Vivas Zamora, Fabian Ernesto"]
[Black "Munoz, Francisco Javier"]
[Result "0-1"]
[WhiteElo "2348"]
[BlackElo "2282"]
[EventDate "2019.08.01"]
[PlyCount "70"]

1.e4 d5 2.exd5 Qxd5 3.Nc3 Qa5 4.d4 Nf6 5.a3 Bg4 6.f3 Bd7 7.b4 Qb6 8.Be3 a5
9.b5 a4 10.Bc4 Be6 11.Qd3 Bxc4 12.Qxc4 c6 13.Kf2 e6 14.Nge2 Nd5 15.Rhb1 
Nxe3 16.Kxe3 Qa7 17.bxc6 Nxc6 18.Rb5 e5 19.Nd5 exd4+ 20.Nxd4 Bd6 21.Nb6 
O-O 22.Nxa8 Re8+ 23.Kd3 Bf4 24.Qc5 Qxa8 25.c3 Nxd4 26.cxd4 g6 27.g3 b6 28.
Qd5 Re3+ 29.Kc4 Qc8+ 30.Kb4 Qc3+ 31.Kxa4 Qc2+ 32.Rb3 Rxb3 33.Rc1 Bxc1 34.
Qxb3 b5+ 35.Ka5 Bd2+ 0-1

[Event "44th Pan-American U20"]
[Site "Cochabamba BOL"]
[Date "2019.08.02"]
[Round "3.7"]
[White "Coro, Lucas"]
[Black "Delgado Romero, Marco"]
[Result "1-0"]
[WhiteElo "2320"]
[BlackElo "2236"]
[EventDate "2019.08.01"]
[PlyCount "123"]

1.e4 c5 2.Nf3 g6 3.d4 cxd4 4.Nxd4 Nf6 5.Nc3 d6 6.Be3 Bg7 7.f3 O-O 8.Qd2 
Nc6 9.g4 Be6 10.Nxe6 fxe6 11.O-O-O Ne5 12.Be2 Qc8 13.h4 Nfd7 14.f4 Nc4 15.
Bxc4 Qxc4 16.e5 Rad8 17.exd6 exd6 18.Qd3 Qxd3 19.Rxd3 Nf6 20.Rg1 a6 21.Ne2
Kf7 22.Nd4 Nd5 23.Bd2 e5 24.fxe5 dxe5 25.Nf3 Ne7 26.Rb3 Rd7 27.Re3 Nc6 28.
Bc3 Re8 29.Rge1 Rd5 30.Re4 Bh6+ 31.Kb1 Bf4 32.b3 h6 33.Kb2 g5 34.R1e2 Kf6 
35.hxg5+ hxg5 36.Ne1 Rd1 37.Nd3 Rf1 38.a4 a5 39.Nc5 Re7 40.Rc4 Nd4 41.Ne4+
Kg6 42.Re1 Rxe1 43.Bxe1 b6 44.Bf2 Re6 45.Rc8 Kf7 46.Rb8 Rh6 47.Rb7+ Ke8 
48.c3 Nf3 49.b4 axb4 50.cxb4 Nd4 51.Kc3 Rc6+ 52.Kd3 Nb3 53.Be3 Nc1+ 54.
Bxc1 Bxc1 55.b5 Rh6 56.Kc4 Kd8 57.Kd5 Rh3 58.Rxb6 Ra3 59.Ra6 Bb2 60.b6 Kc8
61.Kc6 Kb8 62.b7 1-0

[Event "44th Pan-American U20"]
[Site "Cochabamba BOL"]
[Date "2019.08.02"]
[Round "3.8"]
[White "Lu, Maximillian"]
[Black "Aguilar, Luis Miguel"]
[Result "1-0"]
[WhiteElo "2283"]
[BlackElo "2204"]
[EventDate "2019.08.01"]
[PlyCount "109"]

1.d4 g6 2.Nf3 Bg7 3.g3 c5 4.c4 cxd4 5.Nxd4 Qb6 6.Nb5 a6 7.N5c3 Qc6 8.Qd5 
Nf6 9.Qxc6 Nxc6 10.Bg2 d6 11.Na4 Be6 12.Nb6 Rb8 13.O-O Nd7 14.Nd5 Nde5 15.
Na3 Nd4 16.Re1 b5 17.cxb5 Bxd5 18.Bxd5 axb5 19.Be3 Ng4 20.Rad1 Nxe3 21.
fxe3 Nf5 22.e4 Nd4 23.Kf2 b4 24.Nc4 e6 25.Nxd6+ Ke7 26.Bb3 Nxb3 27.axb3 
Bxb2 28.Rd3 Rhd8 29.Red1 Be5 30.Nc4 Rxd3 31.Rxd3 Bc3 32.Ke3 Ra8 33.Rd1 Ra3
34.Nxa3 bxa3 35.Kd3 Be5 36.Rd2 Kd6 37.Kc4+ Kc6 38.b4 h5 39.Kb3 h4 40.gxh4 
Bxh2 41.Rd3 f5 42.exf5 exf5 43.h5 gxh5 44.Rh3 Bd6 45.Kxa3 Kb5 46.Rxh5 
Bxb4+ 47.Kb3 Bd6 48.Rxf5+ Kc6 49.Kc4 Be7 50.Rh5 Kd6 51.Kd4 Ke6 52.Re5+ Kd6
53.Rxe7 Kxe7 54.Ke5 Ke8 55.Ke6 1-0

[Event "44th Pan-American U20"]
[Site "Cochabamba BOL"]
[Date "2019.08.02"]
[Round "3.9"]
[White "Acosta, Pablo Ismael"]
[Black "Medrano, Sebastian"]
[Result "1-0"]
[WhiteElo "2440"]
[BlackElo "2086"]
[EventDate "2019.08.01"]
[PlyCount "65"]

1.d4 Nf6 2.Nf3 e6 3.Bg5 b6 4.e4 h6 5.Bxf6 Qxf6 6.Bd3 Bb7 7.Nbd2 g6 8.Qe2 
Bg7 9.c3 Qe7 10.O-O-O d6 11.h4 Nd7 12.Rhe1 O-O-O 13.Bb5 Kb8 14.Qc4 Rc8 15.
d5 Ne5 16.Nxe5 Bxe5 17.Nf3 Bf6 18.Kb1 g5 19.h5 g4 20.Ng1 Rhg8 21.Ne2 Rg5 
22.Nf4 Be5 23.Nd3 a5 24.b4 Qf6 25.Rc1 axb4 26.Nxb4 Qxf2 27.Bc6 b5 28.Bxb5 
c5 29.Na6+ Ka7 30.Qa4 Bxc3 31.Nxc5+ Kb8 32.Nd7+ Kc7 33.Qa5+ 1-0

[Event "44th Pan-American U20"]
[Site "Cochabamba BOL"]
[Date "2019.08.02"]
[Round "3.10"]
[White "Caballero Quijano, Mitzy Mishell"]
[Black "Donoso Diaz, Sebastian"]
[Result "1-0"]
[WhiteElo "2059"]
[BlackElo "2309"]
[EventDate "2019.08.01"]
[PlyCount "37"]

1.d4 d5 2.Nf3 Nf6 3.c4 dxc4 4.Qa4+ Nbd7 5.Nc3 e6 6.e4 Be7 7.Bxc4 O-O 8.Qc2
c6 9.O-O h6 10.h3 b5 11.Bd3 a6 12.Rd1 Bb7 13.e5 Nd5 14.Nxd5 cxd5 15.Bf4 
Rc8 16.Qd2 Re8 17.Nh2 g5 18.Ng4 h5 19.Nh2 1-0

[Event "44th Pan-American U20"]
[Site "Cochabamba BOL"]
[Date "2019.08.02"]
[Round "3.11"]
[White "Tello Chavez, Isaac Valent"]
[Black "Davila Blanco, Juan Jose"]
[Result "1-0"]
[WhiteElo "2271"]
[BlackElo "2052"]
[EventDate "2019.08.01"]
[PlyCount "93"]

1.c4 Nf6 2.Nc3 g6 3.g3 Bg7 4.Bg2 O-O 5.e3 d6 6.Nge2 c6 7.O-O e5 8.d4 exd4 
9.Nxd4 Nbd7 10.h3 Re8 11.b3 Nc5 12.Bb2 Nce4 13.Nxe4 Nxe4 14.Qc2 f5 15.Rad1
Qa5 16.a3 Qe5 17.Ba1 Qa5 18.Qa2 Qc7 19.Kh2 Bd7 20.Ne2 Rad8 21.Bxg7 Kxg7 
22.Qb2+ Kg8 23.f3 Ng5 24.Qd2 Nf7 25.Qc3 Re7 26.Nd4 Rde8 27.Nc2 c5 28.e4 
fxe4 29.fxe4 Bc6 30.Ne3 Ne5 31.Rf4 Rf7 32.Qd2 Qd8 33.Nd5 Ref8 34.Rdf1 Kh8 
35.Nc3 Rxf4 36.gxf4 Nf7 37.b4 b6 38.Ne2 Re8 39.Ng3 Kg8 40.f5 Ne5 41.Qh6 
Nf7 42.Qf4 Ne5 43.f6 Nf7 44.Nf5 Kh8 45.Ne7 Bb7 46.Qh4 g5 47.Qh5 1-0

[Event "44th Pan-American U20"]
[Site "Cochabamba BOL"]
[Date "2019.08.02"]
[Round "3.12"]
[White "Guerrero Cataldo, Juan Andres"]
[Black "Santiago Vilca, Christian Amilca"]
[Result "0-1"]
[WhiteElo "2035"]
[BlackElo "2256"]
[EventDate "2019.08.01"]
[PlyCount "74"]

1.d4 Nf6 2.Nf3 g6 3.g3 Bg7 4.Bg2 O-O 5.O-O d6 6.c4 Nc6 7.Nc3 Bf5 8.Re1 Ne4
9.h3 Qd7 10.g4 Nxc3 11.bxc3 Be4 12.Qa4 Rfd8 13.Nd2 Bxg2 14.Kxg2 b6 15.Ba3 
a6 16.e4 b5 17.cxb5 axb5 18.Qb3 Na5 19.Qc2 c5 20.dxc5 dxc5 21.Rad1 Qc6 22.
Nf3 Rxd1 23.Rxd1 Nc4 24.Bc1 Nd6 25.Re1 Ra4 26.e5 Nc4 27.Bf4 Qa8 28.Qb3 Ra3
29.Qxb5 Rxc3 30.Be3 Nxe5 31.Qe2 Ra3 32.Rc1 Rxa2 33.Qd1 c4 34.Bc5 Nd3 35.
Rxc4 Nb2 36.Qc1 Nxc4 37.Qxc4 Ra4 0-1

[Event "44th Pan-American U20"]
[Site "Cochabamba BOL"]
[Date "2019.08.02"]
[Round "3.13"]
[White "Rengifo Blancas, Renzo Jhonathan"]
[Black "Castellanos Villela, Alejandro"]
[Result "0-1"]
[WhiteElo "2194"]
[BlackElo "1985"]
[EventDate "2019.08.01"]
[PlyCount "36"]

1.e4 c5 2.Nf3 d6 3.d4 cxd4 4.Nxd4 Nf6 5.Nc3 a6 6.h3 e6 7.g4 h6 8.Bg2 g5 9.
Be3 Nbd7 10.Qe2 Ne5 11.f4 gxf4 12.Bxf4 Nfd7 13.O-O-O b5 14.Nf5 b4 15.Nxd6+
Bxd6 16.Rxd6 bxc3 17.Rhd1 Qa5 18.bxc3 Qa3+ 0-1